Die 96 beliebtesten ♂ ♀ Vornamen in Armenien - Statistiken

Allgemein
  • Dieses Quiz wurde 18 mal gespielt
  • Das Durchschnittsergebnis liegt bei 15 aus 98
Antwortstatistiken
♀ / ♂ Name % Korrekt
Mädchen - - > ⤵️
80%
Jungen - - > ⤵️
80%
M4 Mari
67%
A4 Anna
60%
E3 Eva
40%
M5 Maria
40%
S4 Sara
40%
A4 Alex
33%
A5 Armen
33%
S4 Sofi
33%
D5 David
27%
K5 Karen
27%
N4 Nare
27%
A6 Anahit
20%
A5 Arsen
20%
A6 Arthur
20%
G6 Grigor
20%
L5 Liana
20%
M6 Monika
20%
N6 Narine
20%
N6 Nataly
20%
A6 Albert
13%
A4 Alen
13%
A5 Annie
13%
A4 Aram
13%
A6 Arevik
13%
A5 Arman
13%
A6 Armine
13%
A7 Astghik
13%
D5 Diana
13%
E6 Eduard
13%
E4 Elen
13%
E4 Erik
13%
G6 Gayane
13%
G3 Gor
13%
H4 Hayk
13%
K6 Karina
13%
K6 Karine
13%
L5 Lilit
13%
L4 Lily
13%
L6 Lusine
13%
M8 Marianna
13%
M5 Merry
13%
N4 Nane
13%
R7 Raphael
13%
S6 Sergey
13%
S4 Sona
13%
S7 Susanna
13%
S8 Svetlana
13%
T6 Tamara
13%
T6 Tigran
13%
V8 Viktoria
13%
Y4 Yana
13%
A9 Aleksandr
7%
A8 Andranik
7%
A8 Angelina
7%
A5 Anush
7%
A4 Areg
7%
A4 Aren
7%
A5 Artak
7%
A6 Artyom
7%
A5 Ashot
7%
D6 Daniel
7%
E5 Edgar
7%
E5 Elina
7%
G5 Gagik
7%
G5 Garik
7%
G6 Gevorg
7%
G5 Gohar
7%
H5 Hakob
7%
H6 Hamlet
7%
H8 Harutyun
7%
H6 Hasmik
7%
H9 Hovhannes
7%
L5 Levon
7%
M4 Mane
7%
M6 Manvel
7%
M6 Mariam
7%
M6 Marina
7%
M4 Mark
7%
M4 Mher
7%
M6 Milena
7%
M7 Miqayel
7%
N5 Narek
7%
R6 Robert
7%
R5 Ruben
7%
R7 Ruzanna
7%
S6 Samvel
7%
S7 Sargise
7%
S4 Seda
7%
S5 Sofya
7%
S5 Suren
7%
S8 Syuzanna
7%
S5 Syuzi
7%
V5 Vahan
7%
V4 Vahe
7%
V6 Vardan
7%
V4 Vika
7%
Keine übereinstimmenden Quizze gefunden
Verteilung der Resultate
Anzahl Personen mit jedem Resultat
Perzentil nach korrekt beantworteten Fragen
Ihre Resultats-Entwicklung
Sie haben dieses Quiz noch nicht gespielt